000
00351pab a2200157 454500
008
180718b2013 xxu||||| |||| 00| 0 eng d
100
_a
Krishnan, S.
245
_a
United Nations and NATO
260
_c
2013
300
_a
p.72-81.
362
_a
Jan-Mar
650
_a
NATO
650
_a
United Nations
773
_a
USI Journal
909
_a
107713
999
_c
107708
_d
107708